000 00325nam a2200133Ia 4500
008 240624s9999 xx 000 0 und d
041 _aeng
082 _a300.1 WEI
100 _aWEISBERG HERBERT
245 _aCENTRAL TENDENCY AND VARIABILITY VOLUME
260 _c1991
_aNew Delhi
_bSage
300 _a96 p.
365 _c
_b32
999 _c30190
_d30190